Creatividad e innovacin̤ para el desarrollo empresarial

Detalles Bibliográficos
Autor principal: Murcia Cabra, Hčtor Horacio
Formato: eBook
Lenguaje:español
Publicado: Bogot:̀ Ediciones de la U, 2015
Materias:
Acceso en línea:Acceso restringido

MARC

LEADER 00000nam a22000007a 4500
005 20220920233427.0
007 cr|||| ||||
008 220920s2015 co |||||s|||| 00||0 spa d
020 |a 978-958-762-456-4 
035 |a 37238 
040 |a vLex 
090 |c 13993  |d 13993 
100 1 |a Murcia Cabra, Hčtor Horacio 
245 1 0 |a Creatividad e innovacin̤ para el desarrollo empresarial  |h [Recurso electrn̤ico] /  |c Hčtor Horacio Murcia Cabra 
256 |a Servicio en ln̕ea 
260 |a Bogot:̀  |b Ediciones de la U,  |c 2015 
300 |a 1 recurso electrn̤ico 
506 1 |a Disponible solo en los productos indicados  |d vLex Global  |d vLex Global (Academic Edition, excluding Law Schools)  |d vLex Global (U.S. Academic Edition, Law Schools)  |d vLex Global (U.S. Academic Edition, excluding Law Schools)  |d vLex Global (Academic Edition, Law Schools) 
650 0 4 |a Economa̕ y negocios  |z Colombia 
740 0 |a vLex Libros (Servicio en ln̕ea) 
856 4 0 |u https://app.vlex.com/#/sources/37238  |z Acceso restringido 
942 |c BOOK 
999 0 |a Economy and business